000 00804nam a22002177a 4500
999 _c16931
_d16931
003 AR-CdUCM
008 190328b ||||| |||| 00| 0 spa d
040 _aMUNICIPALIDAD PROVINCIAL DEL CUSCO
_cBIBLIOTECA MUNICIPAL DEL CUSCO
082 _a372.11 /
_bD23
100 _aDecroly, O.
_925803
245 _aLas aplicaciones americanas de la psicología :
_ba la organización humana y a la educación /
260 _aLima :
_bAntena,
_c1937.
300 _a98 páginas ;
_c18 cm.
505 _aContenido : La selección en la armada americana -- El método de los tests -- La selección profesional en la armada americana ...
650 _aPsicología
_91538
650 _aAmericana
_924541
650 _aHumana
_919436
700 _aBuyse, R.
_925804
942 _2ddc
_cLIBROS
945 _aacv
_d2019-05-06